Память сердца: сборник публицистики

Detaylı Bibliyografya
Diğer Yazarlar: Будаков В. В. (составитель)
Dil:Rusça
Baskı/Yayın Bilgisi: Воронеж, Центрально-Черноземное изд-во, 1985
Konular:
Materyal Türü: MixedMaterials Kitap
KOHA link:https://koha.lib.tpu.ru/cgi-bin/koha/opac-detail.pl?biblionumber=270627

MARC

LEADER 00000nam0a2200000 4500
001 270627
005 20231031225019.0
035 |a (RuTPU)RU\TPU\book\293808 
090 |a 270627 
100 |a 20140930d1985 m y0rusy50 ca 
101 0 |a rus 
102 |a RU 
105 |a a z 011cy 
200 1 |a Память сердца  |e сборник публицистики  |f сост. В. В. Будаков ; под ред. В. В. Будакова 
210 |a Воронеж  |c Центрально-Черноземное изд-во  |d 1985 
215 |a 367 с.  |c ил. 
320 |a Вступительная статья: с. 5-12 
610 1 |a очерки 
610 1 |a публицистика 
610 1 |a Великая Отечественная война 1941-1945 
610 1 |a победа 
610 1 |a сборники 
675 |a Р2  |v 3 
702 1 |a Будаков  |b В. В.  |4 220 
702 1 |a Будаков  |b В. В.  |4 340 
801 1 |a RU  |b 63413507  |c 20140930 
801 2 |a RU  |b 63413507  |c 20140930  |g RCR 
942 |c BK